| 000 | 00673nam a2200205Ia 4500 | ||
|---|---|---|---|
| 999 |
_c19296 _d19296 |
||
| 003 | OSt | ||
| 005 | 20201120124003.0 | ||
| 008 | 160316s1997 xxu||||| |||| 00| 0 eng d | ||
| 040 | _c. | ||
| 082 |
_a346.066460 _bCHE |
||
| 100 | _aChew Donald H | ||
| 245 | _aStudies in international corporate finance and governance systems : A comparison of the U S , Japan and Europe | ||
| 260 |
_aNew York _bOxford University Press _c1997 |
||
| 300 | _a578p | ||
| 365 | _bRs.2,025 | ||
| 650 | _a1.Corporate Governance - Comparetive Study2.Corporate Finance | ||
| 700 |
_a _a |
||
| 856 | _u/cgi-bin/koha/opac-retrieve-file.pl?id=138c1860dd81d539dc042e0a8df936b6 | ||
| 942 |
_2ddc _cBK |
||